[Event "Dresden ZMD op 23rd"]
[Site "Dresden"]
[Date "2014.08.23"]
[Round "9"]
[White "Zakhartsov, Viacheslav V"]
[Black "Maiwald, Jens Uwe"]
[Result "1-0"]
[WhiteElo "2548"]
[BlackElo "2475"]
[Annotator "Zakhartsov,Vi"]
[PlyCount "71"]
[EventDate "2014.08.15"]
[EventType "swiss"]
[EventRounds "9"]
[EventCountry "GER"]
[SourceTitle "CBM 162"]
[Source "ChessBase"]
[SourceDate "2014.09.17"]
[SourceVersion "1"]
[SourceVersionDate "2014.09.17"]
[SourceQuality "1"]

1. d4 d5 2. c4 dxc4 3. e4 Nf6 4. e5 Nd5 5. Bxc4 Nb6 6. Bd3 Na6 7. Be3 Nb4 8.
Be4 f5 9. a3 fxe4 10. axb4 Bf5 (10... e6 11. Nc3 Bxb4 12. Qh5+ $1 g6 13. Qg4 {
Kramnik - Karjakin, Khanty-Mansiysk 2014}) 11. Nc3 e6 12. b5 Bb4 (12... Nc4 {
(Jakubowski - Azarov, Frydek-Mistek 2014)} 13. Qh5+ $5 g6 (13... Bg6 14. Qe2
Nxe3 15. Qxe3 Be7 16. Nh3 O-O 17. O-O) 14. Qe2 Nxe3 15. Qxe3 Qh4 (15... h5 16.
Nxe4 Bb4+ 17. Kf1 Be7 18. Ne2 {and White is a pawn up}) 16. g3 Qh6 17. Qe2 Qh5
18. Qxh5 gxh5 19. Nge2 {with the idea Kd2-e3.}) 13. Nge2 Qd7 (13... Qd5 14. O-O
Qc4 15. b3 Qd3 16. Qc1 Nd5 17. Nxd5 exd5 18. Ng3 (18. Qxc7 $1 {would be very
strong:} O-O (18... Qxe2 19. Qxg7 Rf8 20. Qxb7 Rc8 21. Rxa7 {with a winning
advantage}) 19. Qxb7 Qxe2 20. Qxd5+ Kh8 21. Qc4 Qxc4 22. bxc4 {and White has a
big advantage due to his powerful pawn chain}) 18... O-O 19. Qxc7 Rf7 20. Qc1
$14 {Baron - Velten, Saint-Quentin 2014}) 14. O-O Bxc3 15. Nxc3 O-O 16. Qb3 Nd5
17. Ra5 (17. Nxd5 exd5 18. Rfc1 Rfc8 19. Rc2 c6 20. Rac1 Rab8) (17. Ra4 c6 (
17... a5 18. bxa6 Rxa6 19. Rxa6 bxa6 20. Nxd5 exd5 21. Rc1 Rc8 22. Rc5 c6 23.
Qb6 {winning a pawn}) 18. Rfa1 Nxe3 (18... Nxc3 19. bxc3 cxb5 20. Rxa7 {
with an advantage for White}) 19. fxe3 c5 20. Ne2 $1 {and White would keep an
edge.}) 17... b6 18. Ra6 Rfc8 19. Rfa1 c6 (19... Nxc3 20. bxc3 c6 21. bxc6 Qxc6
22. R1a3 Rc7 23. h3 {with an edge for White.}) 20. bxc6 Qxc6 21. Nb5 (21. Nxd5
{was better:} exd5 22. Qa2 Qb7 (22... Rc7 23. Rxb6 $1 axb6 (23... Qxb6 $2 {
loses due to} 24. Qxd5+) 24. Qxa8+) 23. Rxa7 Rxa7 24. Qxa7 Qxa7 25. Rxa7 Rc4
26. h3 {with good chances to convert the extra pawn.}) 21... Qc2 22. Qxc2 Rxc2
23. Rxa7 Rxa7 24. Rxa7 Rxb2 (24... h5 $5 25. Nd6 Rxb2 26. h4 Bg6) 25. Ra8+ Kf7
26. Nd6+ Kg6 27. h3 h5 28. Ra7 Nxe3 $2 {It is understandable in time trouble
that facing the mating threat Ne8 and Rxg7 Black wished to get rid of this
bishop, . However, it had to be postponed for one move:} (28... Rb3 {and then
it should be a draw:} 29. Ne8 (29. Rf7 $2 b5 30. Rf8 b4) 29... Nxe3 30. fxe3
Rxe3 31. Rxg7+ Kh6 32. Rf7 Rb3 (32... Rd3 33. Nd6 Bg6 34. Rf6 e3 35. Kf1 Rd2
36. Nc4 (36. Rxe6 Kh7 37. Rxg6 Kxg6 38. e6 Kf6 39. Ne4+ Kxe6 40. Nxd2 exd2 41.
Ke2 Kd5 42. Kxd2 Kxd4 43. g4) 36... Rxd4 37. Nxe3 Re4 38. Kf2 Rxe5 39. Nc4 {=})
33. Nd6 Bg6 34. Rf1 e3 35. Nf7+ Kg7 36. Ng5 Bf5 37. d5 Rb5 38. dxe6 (38. Nxe6+
Bxe6 39. dxe6 Rxe5 40. Rb1 Rxe6 41. Kf1 e2+ 42. Ke1) 38... e2 (38... Rxe5 39.
Nf3 Rd5 40. Re1 Bxe6 41. Rxe3) 39. Re1 Rxe5 40. Nf3 Rxe6 41. Nd4 Re5 42. Nxf5+
Rxf5 43. Rxe2 {=}) 29. fxe3 Kh6 {After this White has a simple win.} ({On} 
29... Rb3 {White would have to find the strong} 30. Rf7 $1 {(otherwise, after
30.Ne8, this would transpose to the 28...Rb3 line)} Rxe3 (30... b5 31. Rf8) (
30... Rb1+ 31. Kh2 Re1 32. Rf8) 31. Nxf5 exf5 32. e6 Ra3 33. Rf8 Ra7 34. d5 e3
35. Kf1 $18) (29... Re2 30. Rf7 $1 b5 31. Rf8 b4 32. Nxf5 b3 (32... exf5 33. e6
) 33. Ne7+ Kg5 34. Rb8 b2 35. Kh2 $18) (29... Rb1+ 30. Kh2 b5 31. Rf7 b4 32.
Rf8 Rc1 33. Nxf5 b3 34. Ne7+ Kh7 35. Rb8 b2 36. Rxb2 Rc7 37. d5 Rxe7 38. d6 {
also winning.}) 30. Nxf5+ exf5 31. e6 {The connected passers are unstoppable.}
Kg6 32. d5 Rd2 33. Rd7 f4 34. e7 Kf7 35. d6 fxe3 36. Rd8 1-0